Sinopsis de historia e instituciones de derecho romano.

Kaydedildi:
Detaylı Bibliyografya
Yazar: Lozano Corbí, Enrique (autor)
Materyal Türü: Kitap
Baskı/Yayın Bilgisi: Zaragoza, España: MIRA Editores, 1994.
Konular:
Etiketler: Etiketle
Etiket eklenmemiş, İlk siz ekleyin!

MARC

LEADER 00000nam a22000007a 4500
003 CL-VaPUC
005 20220822114545.0
008 220705t1994 ||||| |||| 00| 0 eng d
999 |c 436695  |d 436693 
020 |a 84-88688-76-8 
040 |c Pontificia Universidad Católica de Valparaíso 
082 7 |a 340.54 LOZ 1994  |2 22 
100 1 |a Lozano Corbí, Enrique  |e autor  |9 872192 
245 |a Sinopsis de historia e instituciones de derecho romano. 
260 |a Zaragoza, España:  |b MIRA Editores,   |c 1994. 
300 |a 308 páginas. 
500 |a c.1 Donación Familia Prof. Alejandro Guzmán Brito. 
583 |c 20220705  |k Cristina María Rojas Aguilar 
650 |a Derecho romano  |x Historia   |9 866196 
650 |a Derecho romano  |x Instituciones  |9 869843 
942 |2 ddc  |c BK  |n 0 
952 |0 0  |1 0  |2 ddc  |4 0  |6 340_540000000000000_LOZ_1994  |7 0  |8 C_AGB  |9 584388  |a BIBDER  |b BIBDER  |d 2022-07-05  |e Donación   |i 5652510  |o 340.54 LOZ 1994  |p 5652510  |r 2023-01-25  |t 1  |w 2022-07-05  |y BK_US  |k AGB